Cuentos con detectives y comisarios : antología /
Esta antología toma como criterio de selección cuentos en que el tono predominante es el policial para mostrar la evolución del género desde el detective inglés de Chesterton y de Poe hasta la narrativa policial argentina y su comisario, empeñado en resolver el enigma de un robo, una muerte, una des...
Guardado en:
| Autor Principal: | |
|---|---|
| Otros Autores: | |
| Formato: | Libro |
| Publicado: |
Buenos Aires :
Colihue,
2013
|
| Series: | Leer y Crear / Herminia Petruzzi
|
| Materias: | |
| Etiquetas: |
Agregar Etiqueta
Sin Etiquetas, Sea el primero en etiquetar este registro!
|
| LEADER | 01499nam a22002295a 4500 | ||
|---|---|---|---|
| 001 | CEM.cems020349 | ||
| 008 | 230815s2013##################000#0#####d | ||
| 005 | 20230815151043.0 | ||
| 245 | 1 | 0 | |a Cuentos con detectives y comisarios : |b antología / |c Selección, introducción, notas y propuestas de trabajo de Elena Braceras y Cristina Leytur. |
| 260 | |a Buenos Aires : |b Colihue, |c 2013 | ||
| 300 | |a 208 p. | ||
| 490 | 0 | |a Leer y Crear / Herminia Petruzzi | |
| 505 | 0 | |a Robo en Capibara-Cué / Velmiro Ayala Gauna -- Enroque al odio / María Angélica Bosco -- Tiempo de puñales / Norberto Firpo -- Orden jerírquico / Eduardo Goligorsky -- Narración con espía obligado / Leopoldo Marechal -- Uno en dos / Manuel Peyrou -- Zugzwang / Rodolfo Walsh -- El hombre invisible / Gilbert K. Chesterton -- La carta robada / Edgar Allan Poe -- El caso del célebre pintor / Adolfo Luis Pérez Zelaschi | |
| 520 | |a Esta antología toma como criterio de selección cuentos en que el tono predominante es el policial para mostrar la evolución del género desde el detective inglés de Chesterton y de Poe hasta la narrativa policial argentina y su comisario, empeñado en resolver el enigma de un robo, una muerte, una desaparición. | ||
| 020 | |a 9789876849524 | ||
| 100 | 1 | |a Braceras, Elena | |
| 700 | 1 | |a Leytour, Cristina, comp. | |
| 653 | |a Literatura | ||
| 653 | |a Cuentos | ||
| 653 | |a Cuentos-antología | ||
| 653 | |a Cuentos policiales | ||
| 859 | |a CEMS |b BIB. CEMS - Inicial y Primaria |h 808.8 |i B722 |k IP |p 5696 |t Ej.1 | ||
